000 01130nam a22002537a 4500
005 20240530110339.0
008 141030s2011 le gr 001 0dara d
020 _a9789953823911
040 _aEG-CaGPL
082 0 4 _221
_a327.16\
_bع ب
100 0 _aعلى محافظة
245 1 _aبريطانيا والوحدة العربية 1945 - 2005 /
_cعلى محافظة
260 _aبيروت :
_bمركز دراسات الوحدة العربية ،
_c2011
300 _a462 ص ؛
_c24 سم
490 _aمواقف الدول الكبرى من الوحدة العربية ؛
_v6
490 _aوقفية جمال عبدالناصر الثقافية
650 0 4 _aالوحدة العربية
651 0 4 _aبريطانيا
_xالعلاقات الخارجية
_zالعالم العربى
651 0 4 _aالعالم العربى
_xالعلاقات الخارجية
_zبريطانيا
651 0 4 _aالعالم العربى
_xالاحوال السياسية
651 0 4 _aبريطانيا
_xالاحوال السياسية
942 _2ddc
_cBK
999 _c59850
_d59850